000 00817nam a2200265Ia 4500
008 160803s9999 xx 000 0 und d
020 _a9780545662543
100 _aPatel, Sanjay
245 _aGanesha's sweet tooth /
245 _cby Sanjay Patel & Emily Haynes ; illustrated by Sanjay Patel.
260 _aNew York :
260 _bScholastic Inc.
260 _c2012
300 _a32 unnumbered pages :
300 _bcolor illustrations ;
300 _c26 cm
500 _a"This edition is available for distribution only through the school market."--Page 4 of cover.
650 _aGaṇeśa (Hindu deity) --
650 _aHindu mythology.
650 _aHinduism --
650 _aPicture books for children.
650 _xJuvenile fiction.
650 _xJuvenile fiction.
700 _a580
999 _c299889
_d299889